| 000 | 00811na a2200265 4500 | ||
|---|---|---|---|
| 001 | 14307 | ||
| 003 | MIRAKIL | ||
| 005 | 20181213155006.0 | ||
| 008 | 170510b tu 000 0 | ||
| 020 | _a9752893733 | ||
| 035 | _a14307 | ||
| 040 |
_aMilas _btur _cTR-AnCHP |
||
| 041 | _atur | ||
| 082 |
_a813.42 _bO63ö 2007 |
||
| 090 | _a813.42 O63ö 2007 | ||
| 100 | _aOrhan Kemal | ||
| 245 |
_aÖnemli not ! _bTamamlanmamış yapıtlar ve seçilmiş düzyazılar _cOrhan Kemal ; yayına hazırlayan: Işık Öğütçü |
||
| 246 | _aTamamlanmamış yapıtlar ve seçilmiş düzyazılar | ||
| 260 |
_aİstanbul _bEverest yayınları _c2007 |
||
| 300 |
_a356 s. _c20 sm. |
||
| 490 |
_aEverest _v455 |
||
| 650 |
_aTürk edebiyatı _xÇeşitli yazılar |
||
| 700 | _aÖğütçü, Işık | ||
| 942 |
_2ddc _cBKS |
||
| 999 |
_c4462 _d4462 |
||